Домашние заготовки и консервирование (Запись № 12538939)

Подробности
000 -МАРКЕР
контрольное поле 02968nam0a2200361 4500
001 - ИДЕНТИФИКАТОР ЗАПИСИ
контрольное поле RU\NLR\BIBL_A\022030610
005 - ИДЕНТИФИКАТОР ВЕРСИИ
контрольное поле 20230927160441.0
010 ## - МЕЖДУНАРОДНЫЙ СТАНДАРТНЫЙ НОМЕР КНИГИ (ISBN)
Номер (ISBN) 978-5-389-21433-0
Тираж 2000
021 ## - НОМЕР ГОСУДАРСТВЕННОЙ РЕГИСТРАЦИИ
Код страны Российская Федерация
Номер КН-П-23-052262
Номер Листа государственной регистраци КН-П-23-5246
035 ## - ДРУГИЕ СИСТЕМНЫЕ НОМЕРА
Идентификатор записи (NLR Aleph) 022030610
035 ## - ДРУГИЕ СИСТЕМНЫЕ НОМЕРА
Идентификатор записи (RuMoRGB)012030229
100 ## - ДАННЫЕ ОБЩЕЙ ОБРАБОТКИ
Данные общей обработки 20230919d2023 u y0rusy50 ca
101 1# - ЯЗЫК РЕСУРСА
Язык текста, звукозаписи и т.д. русский
Язык оригинала французский
102 ## - СТРАНА ПУБЛИКАЦИИ ИЛИ ПРОИЗВОДСТВА
Страна публикации Российская Федерация
105 ## - ПОЛЕ КОДИРОВАННЫХ ДАННЫХ: ТЕКСТОВЫЕ МАТЕРИАЛЫ, МОНОГРАФИЧЕСКИЕ
Кодированные данные о монографическом текстовом документе a z 000zy
181 #0 - ПОЛЕ КОДИРОВАННЫХ ДАННЫХ: ВИД СОДЕРЖАНИЯ
Код вида содержания (ISBD) i2
Код характеристики содержания (ISBD) axxe
181 #0 - ПОЛЕ КОДИРОВАННЫХ ДАННЫХ: ВИД СОДЕРЖАНИЯ
Код вида содержания (ISBD) b2
Код характеристики содержания (ISBD) xb2e
182 #1 - ПОЛЕ КОДИРОВАННЫХ ДАННЫХ: ТИП СРЕДСТВА
Код типа средства (ISBD) n - непосредственное
200 1# - ЗАГЛАВИЕ И СВЕДЕНИЯ ОБ ОТВЕТСТВЕННОСТИ
Основное заглавие Домашние заготовки и консервирование
Сведения, относящиеся к заглавию вкусные рецепты, проверенные временем
Первые сведения об ответственности Франсуаза Циммер
Последующие сведения об ответственности перевод с французского Оксаны Постниковой
203 ## - ВИД СОДЕРЖАНИЯ И ТИП СРЕДСТВА
Вид содержания Изображение
-- Текст
Дополнительные сведения об издании визуальные
Тип средства непосредственные
210 ## - ПУБЛИКАЦИЯ, РАСПРОСТРАНЕНИЕ И ДР.
Место издания, распространения и т.д. Москва
Имя издателя, распространителя и т. д. Колибри
-- Азбука-Аттикус
Дата издания, распространения и т.д. 2023
215 ## - ФИЗИЧЕСКАЯ ХАРАКТЕРИСТИКА
Специфическое обозначение материала и объем 155, [3] с.
Другие сведения о физической характеристике цв. ил.
Размеры 24
330 ## - РЕЗЮМЕ ИЛИ РЕФЕРАТ
Текст примечания В книге французского кулинарного эксперта, автора и соавтора 22 книг по кулинарии Франсуазы Циммер представлены более 100 рецептов консервирования различных продуктов - в их числе овощи, фрукты, грибы, травы, мясо и птица - с использованием соли, сахара, уксуса, оливкового масла и других ингредиентов. Внесите в ваш привычный репертуар заготовок ароматную нотку Прованса! Вяленые помидоры с розмарином, стручковая фасоль в собственном соку, соленые рыжики, маринованная вишня, клементины в уксусе с душистым перцем, баклажаны с чесноком и лесными орехами, томленый щавель в масле, лимонный чатни с семенами горчицы или чатни из зеленого манго с курагой, свиной риет по-крестьянски, "варенье старого холостяка", виноград в о-де-ви с корицей - трудно угадать, что придется вам больше по душе, так что предлагаем приготовить, сохранить и попробовать! "Зачем делать домашние заготовки?"
333 ## - ПРИМЕЧАНИЯ ОБ ОСОБЕННОСТЯХ РАСПРОСТРАНЕНИЯ И ИСПОЛЬЗОВАНИЯ
Текст примечания 16+
606 1# - НАИМЕНОВАНИЕ ТЕМЫ КАК ПРЕДМЕТ
Наименование темы Домашнее консервирование
Системный номер авторитетной/нормативной записи 2074062
Идентификатор авторитетной/нормативной записи RU\NLR\AUTH\661249026
675 ## - УНИВЕРСАЛЬНАЯ ДЕСЯТИЧНАЯ КЛАССИФИКАЦИЯ (UDC/УДК)
Индекс 641.4
Издание 4
686 1# - ИНДЕКСЫ ДРУГИХ КЛАССИФИКАЦИЙ
Индекс Л816.9
700 #1 - ИМЯ ЛИЦА - ПЕРВИЧНАЯ ОТВЕТСТВЕННОСТЬ
Начальный элемент ввода Циммер
Часть имени, кроме начального элемента ввода Ф.
Расширение инициалов личного имени Франсуаза
942 ## - ДОПОЛНИТЕЛЬНЫЕ ЭЛЕМЕНТЫ ЗАПИСИ (АБИС)
Тип экземпляра АБИС Книга
980 ## - КОЛЛЕКЦИЯ
Название коллекции Национальная библиография
Экземпляры
Тип экземпляра Дата поступления Источник поступления Стоимость Библиотека постоянного хранения Библиотека текущего хранения Место хранения Шифр хранения Штрих-код Статус экземпляра
Книга 19.09.2023 Обязательный экземпляр 0.00 РНБ (Московский) РНБ (Московский) Русский книжный фонд: издания с 1957 года 2023-7/5123 1-4345666  
Книга 19.09.2023 Обязательный экземпляр 0.00 РНБ (Московский) РНБ (Московский) Обменный фонд   1-4345665